书目信息 |
| 题名: |
中国古代教育文选
|
|
| 作者: | 孟宪承 编 | |
| 分册: | ||
| 出版信息: | 北京 人民教育出版社 1979 |
|
| 页数: | 350页 | |
| 开本: | 20cm | |
| 丛书名: | ||
| 单 册: | ||
| 中图分类: | G40-092.2 | |
| 科图分类: | ||
| 主题词: | 教育理论--中国--古代--文集 | |
| 电子资源: | ||
| ISBN: | 7012.062 | |
| 000 | 00641nam0 2200229 450 | |
| 001 | 0179005123 | |
| 005 | 20100712215601.0 | |
| 010 | @a7012.062@dCNY0.92 | |
| 091 | @a7012.062 | |
| 100 | @a19950716d1979 em y0chiy0110 ea | |
| 101 | 0 | @achi |
| 102 | @aCN@b110000 | |
| 105 | @ay z 000yy | |
| 106 | @ar | |
| 200 | 1 | @a中国古代教育文选@9Zhong Guo Gu Dai Jiao Yu;Yo Wen Xuan @f孟宪承编 |
| 210 | @a北京@c人民教育出版社@d1979 | |
| 215 | @a350页@d20cm | |
| 606 | 0 | @a教育理论@y中国@z古代@x文集 |
| 690 | @aG40-092.2@v3 | |
| 701 | 0 | @a孟宪承@9meng xian cheng@4编 |
| 801 | 0 | @aCN@bAzMarc@c20130904 |
| 905 | @aBZT@dG40-092.2@e1@f5@sG40-092.2/1 | |
| 中国古代教育文选/孟宪承编.-北京:人民教育出版社,1979 |
| 350页;20cm |
| ISBN 7012.062:CNY0.92 |
| ● |
| 相关链接 |
|
|
|
正题名:中国古代教育文选
索取号:G40-092.2/1
 
预约/预借
| 序号 | 登录号 | 条形码 | 馆藏地/架位号 | 状态 | 备注 |
| 1 | 2000041446 | 2000041446 | 旧书回溯/ [索取号:G40-092.2/1] | 在馆 | |
| 2 | 2000041447 | 2000041447 | 旧书回溯/ [索取号:G40-092.2/1] | 在馆 | |
| 3 | 2000041448 | 2000041448 | 旧书回溯/ [索取号:G40-092.2/1] | 在馆 | |
| 4 | 2000041449 | 2000041449 | 旧书回溯/ [索取号:G40-092.2/1] | 在馆 | |
| 5 | 2000041450 | 2000041450 | 旧书回溯/ [索取号:G40-092.2/1] | 在馆 |